00511nam a22001577a 450000500170000001000130001702000250003003700170005508200060007210000190007824500650009726000350016227001090019730000280030670000190033420191104115440.0 aB-730809 a9789353093396c40.00 adplbPratham aS aPradhan, Vidya aLazy mama /c by Vidya Pradhan ; illustrated by Rohit Kelkar aBangalurubPratham Booksc2018 a633-634,4th "C" Main,6th 'B' Cross, OMBR Layout Banaswadi, bBangaloree560043k911141042483 (New Delhi) a16p.bill.c17 cm.(pbk) aKelkar, Rohit